Public higher education in Texas, 1961-1971 /

Bibliographic Details
Corporate Author: Texas Commission on Higher Education
Format: Book
Language:English
Published: Austin, [publisher not identified] ; 1963.
Subjects:

MARC

Tag First Indicator Second Indicator Subfields
LEADER 00000cam a2200000 4500
001 in00000030480
005 20190207093359.0
008 761023s1963 txua 00010 eng d
035 |a (OCoLC)02522852 
035 |9 AAD2575AM 
040 |a TXW  |c TXW  |d TXA  |d UtOrBLW 
049 |a TXAS  |c 1 [521543]  |c 2 [521544]  |c 3 [521545] 
090 |a LA370.5  |b .T433 1963 
092 |a 378.764  |b A1T35p, 1963 
110 2 |a Texas Commission on Higher Education. 
245 1 0 |a Public higher education in Texas, 1961-1971 /  |c Report of the Texas Commission on Higher Education to the Governor and the Legislature of the State of Texas. 
264 1 |a Austin,  |b [publisher not identified] ;  |c 1963. 
300 |a 99 pages :  |b illustrations 
336 |a text  |b txt  |2 rdacontent 
337 |a unmediated  |b n  |2 rdamedia 
338 |a volume  |b nc  |2 rdacarrier 
500 |a The Cushing Library/Chapman Texas Collection copy is part of the Floyd & Louise Chapman Texas & Borderlands Collection.  |5 TXA 
650 0 |a Education, Higher. 
650 0 |a Universities and colleges  |z Texas. 
999 |a MARS 
999 f f |s 55cb1e93-8569-3833-b3e0-9b2a06db5bae  |i a692cc70-b628-368a-934f-4be0fe7ba37b  |t 0 
952 f f |p noncirc  |a Texas A&M University  |b College Station  |c Cushing Memorial Library & Archives  |d Cushing: Chapman Texas Collection (Does not check out)  |t 0  |e LA370.5 .T433 1963  |h Library of Congress classification  |i unmediated -- volume 
998 f f |a LA370.5 .T433 1963  |t 0  |l Cushing: Chapman Texas Collection (Does not check out)